Manual de normas vigentes en materia de derechos humanos en el sistema interamericano : actualizado al 1° de julio de 1985. /

Guardado en:
Autor Corporativo: Organización de los Estados Americanos. Comisión interamericana de derechos humanos
Formato: Libro
Idioma:Spanish
Publicado: Washington, 1985.
Series:OEA/Ser. L/V/II. 65
Etiquetas: Agregar Etiqueta
Sin Etiquetas, Sea el primero en etiquetar este registro!
LEADER 00721nam a22001695a 4500
001 EUN.um008870
003 AR-BaUNS
005 20050623122853.0
008 041125s1985####xxu###########000#0#spa#d
245 1 0 |a Manual de normas vigentes en materia de derechos humanos en el sistema interamericano :  |b actualizado al 1° de julio de 1985. /  |c Organización de los Estados Americanos. Comisión interamericana de derechos humanos. 
260 |a Washington,  |c 1985. 
300 |a 198 p. 
490 0 |a OEA/Ser. L/V/II. 65 
020 |a 0827022018 
082 0 4 |a 323.4 
110 2 |a Organización de los Estados Americanos. Comisión interamericana de derechos humanos  |c Washington. 
859 |a Ar-BaUNS  |b BIB. CENTRAL - Sector C  |h 323.4  |i Or14-20  |p 92620/985